000 01245cab a22002415a 4500
001 L148510
008 090928e20090912xxk 000 0 eng d
035 _a(Sirsi) u148510
041 0 _aeng
100 1 _aMolloy, Paddy
245 0 2 _aA signature does not make it legal
260 _c2009
490 _aEstates Gazette
_v(0936) 12 September 2009, 90-92(3)
520 _aLeases for assured shorthold tenancies of three years or more must be made by deed in order to be legally valid. Standard tenancy agreements such as Oyez's Standard form of tenancy agreement for letting (2007) do not fulfil this requirements. Highlights relevant provisions of the Law of Property Act 1925 and Law of Property (Miscellaneous Provisions) Act 1989. Considers protection available to tenants with void leases such as statutory protection of the Housing Act 1988 for equitable lessees.
590 _aKA
650 2 4 _aLAW OF PROPERTY ACT 1925
650 2 4 _aLAW OF PROPERTY (MISCELLANEOUS PROVISIONS) ACT 1989
650 2 4 _aWALSH V LONSDALE
650 2 4 _aR V TOWER HAMLETS LBC EX PARTE VON GOETZ
651 4 _aEngland and Wales
_y1543-
690 _aPROPERTY-RESIDENTIAL PROPERTY-RESIDENTIAL LANDLORD AND TENANT-RESIDENTIAL TENANCIES
942 _n0
999 _c81868
_d81868